000 01931cam a22004814i 4500
003 PE-LiUPU
005 20250731173031.0
008 150623s r 000 0 d
020 _a1841270059
035 _a(Sirsi) i9781841270050
040 _aPE-LiUPU
_bspa
_cPE-LiUPU
_erda
049 _aPRUA
082 0 4 _a226.4
_bS83
_221
100 1 _aStronstad, Roger,
_eautor.
245 1 4 _aThe prophethood of all believers :
_ba study in Luke's charismatic theology /
_cRoger Stronstad.
264 1 _aSheffield, England :
_bSheffield Academis Press,
_c1999.
300 _a136 páginas ;
_c23 centímetros
336 _atext
_2rdacontent
337 _aunmediated
_2rdamedia
338 _avolume
_2rdacarrier
490 0 _aJournal of Pentecostal Theology Supplement Series ;
_v16
504 _aIncluye bibliografía.
505 0 _aReading, interpreting and applying Luke-Acts. -Jesus, The prophet mighty in word and deed. -The disciples: a company of spirit-baptized prophets. -The Acts of the community of prophets. -The acts of five charismatic prophets. -The Acts of Paul: a charismatic prophet. -The prophethood of all believers: a synthesis.
526 _aSEG42
526 _aSEG41
526 _aSEG40
526 _aSEG39
526 _aP94
526 _aP87
526 _aP86
526 _aP85
526 _aP77
526 _aP76
526 _aP35
630 _aBiblia.
_pN.T.
_pHechos
_xCrítica, interpretación, etc.
630 _aBiblia.
_pN.T.
_pLucas
_xCrítica, interpretación, etc.
942 _2ddc
_cBOOK
949 _a226.4 S83
_wDEWEY
_c1
_i48153
_lCCODEBUL1
_mBUL
_r0
_sY
_tBOOK
_u2015-6-24
_xTEOLOGIA
_PP35
_0COMPRA
_o.STAFF. Colección General
994 _aC0
_bPEPRU
596 _a1
999 _a226.4 S83
_wDEWEY
_c25127
_i48153
_f2021-11-9
_g5
_lCCODEBUL1
_mBUL
_r0
_sY
_tBOOK
_u2015-6-24
_xTEOLOGIA
_PP35
_0COMPRA
_o.STAFF. Colección General
_d25127
980 _81
_gALBERTO SANCHEZ Responsable de Automatización